Rue's Lullaby Quiz Stats

 Plays Quiz Updated Mar 31, 2020

Support Sporcle.
Go Orange.
Score 0/16 Timer 04:00
0 Plays Today
Beginning of Line Missing Lyric(s) % Correct
Deep in the meadow...under the willow
89.7%
A bed of grass, a...soft green pillow
85.1%
Here is the place...where I love you.
62.7%
Here it's safe...here it's warm
62.3%
And when again they open, the...sun will rise.
57.4%
Here is the place...where I love you.
54.6%
Lay down your head, and...close your sleepy eyes
53.2%
Here it's safe...here it's warm
51.7%
Beginning of Line Missing Lyric(s) % Correct
Here the daisies guard you...from every harm
51%
Here the daisies guard you...from every harm
44.7%
Here your dreams are sweet., and...tomorrow brings them true
40.5%
Here your dreams are sweet, and...tomorrow brings them true
35.5%
A cloak of leaves, a...moonbeam ray
28.6%
Deep in the meadow...hidden far away
28.1%
And when again it's morning, they'll...wash away.
26.2%
Forget your woes, and...let your troubles lay
25.2%

You're not logged in!

Compare scores with friends on all Sporcle quizzes.
OR
Log In

From the Vault

Top 10 Richest Countries in Europe

by joshlacoste

Next up, countries of Europe with the richest food.
Remove Ads.
Support Sporcle.
Get the best of Sporcle when you Go Orange. This ad-free experience offers more features, more stats, and more fun while also helping to support Sporcle. Thank you for becoming a member.

Show Comments

Extras

Top Quizzes Today


Score Distribution

Your Account Isn't Verified!

In order to create a playlist on Sporcle, you need to verify the email address you used during registration. Go to your Sporcle Settings to finish the process.

Report this User

Report this user for behavior that violates our Community Guidelines.

Details: